| Поле | Инд. | ПП | Название | Значение |
|---|---|---|---|---|
| Тип записи | a | |||
| Библиографический уровень | b | |||
| 001 | Контрольный номер | eeeceb74a3db4d3dbafc354cd76ffb8c | ||
| 005 | Дата корректировки | 20200630102902.3 | ||
| 008 | Кодируемые данные | 20170331 | ||
| 040 | b | Код языка каталог. | rus | |
| e | Правила каталог. | PSBO | ||
| 041 | 0_ | a | Код языка текста | rus |
| 084 | a | Индекс другой классификации/Индекс ББК | 67.410.207(2Рос) | |
| 100 | 1_ | a | Автор | Тутынин И. Б. |
| 245 | 10 | a | Заглавие | Процессуальное принуждение имущественного характера — нужно ли оно в уголовном судопроизводстве? |
| 520 | 0_ | a | Аннотация | Автор дает положительный ответ на поставленный в названии статьи вопрос. Предлагая скорректировать подходы в теории уголовного процесса к принуждению имущественного характера, которое должно найти достойное место наряду с принуждением физического и психического характера. Рассматриваются преимущества и недостатки уголовно-процессуального принуждения имущественного характера. На основе этого рекомендуется внести ряд изменений в уголовно-процессуальное законодательство и практику его применения. В частности, излагается отличное от ныне существующего содержание залога как меры пресечения. Даются рекомендации по совершенствованию таких иных мер процессуального принуждения, как наложение ареста на имущество и денежное взыскание |
| 650 | 14 | a | Основная рубрика | право; процессуальное право; уголовное процессуальное право |
| 653 | 0_ | a | Ключевые слова | арест имущества |
| a | Ключевые слова | денежное взыскание | ||
| a | Ключевые слова | меры пресечения | ||
| a | Ключевые слова | меры процессуального принуждения | ||
| a | Ключевые слова | принуждение имущественного характера | ||
| a | Ключевые слова | процессуальное принуждение | ||
| a | Ключевые слова | Россия | ||
| a | Ключевые слова | уголовное судопроизводство | ||
| a | Ключевые слова | уголовно-процессуальная деятельность | ||
| a | Ключевые слова | уголовно-процессуальное законодательство | ||
| a | Ключевые слова | Уголовно-процессуальный кодекс РФ | ||
| a | Ключевые слова | уголовный процесс | ||
| 773 | 08 | t | Заглавие источника | Российская юстиция |
| d | Дата издания источника | 2020 | ||
| g | Прочая информация | № 4. - С. 36 - 38 | ||
| w | Контрольный № источника | d9163a71ea1647108cab3fccfb4b3d86 | ||
| 901 | t | Тип документа | b |